| Поле | Инд. | ПП | Название | Значение |
|---|---|---|---|---|
| Тип записи | a | |||
| Библиографический уровень | m | |||
| 001 | Контрольный номер | b606c1c1-78d8-44d3-890a-ebb4c630321c | ||
| 005 | Дата корректировки | 20131112213504.2 | ||
| 008 | Кодируемые данные | 080430 | ||
| 040 | a | Служба первич. каталог. | НБ ТвГУ | |
| 041 | a | Код языка текста | rus | |
| 080 | a | Индекс УДК | 519.22 | |
| 084 | a | Индекс другой классификации/Индекс ББК | В172 | |
| 090 | a | Полочн. индекс | В172я44 | |
| x | Авторский знак | Л59 | ||
| 100 | 1_ | a | Автор | Линник Юрий Владимирович |
| 245 | 10 | a | Заглавие | Математическая статистика |
| b | Продолж. заглавия | избр. тр. | ||
| c | Ответственность | Ю. В. Линник ; АН СССР, Мат. ин-т им. В. А. Стеклова | ||
| 260 | 0_ | a | Место издания | Л. |
| b | Издательство | Наука | ||
| c | Дата издания | 1982 | ||
| 300 | a | Объем | 284 с. | |
| b | Иллюстрации/ тип воспроизводства | [1] л. портр. | ||
| 504 | a | Библиография | Печатные работы Ю. В. Линника по теории вероятностей и математической статистике: с. 276-284 и библиогр. в конце работ. | |
| 653 | a | Ключевые слова | Математика | |
| a | Ключевые слова | Математическая статистика | ||
| 852 | t | Порядковый номер экземпляра | 1 | |
| q | Физ. особенности экз. | к | ||
| p | Инвентарный номер | 513778 | ||
| 954 | a | Дата поступления на обработку | 20080430 | |
| 999 | a | Подразделение 2 | Фил3 |